| 000 | 01064nam a22002657a 4500 | ||
|---|---|---|---|
| 999 |
_c22550 _d22550 |
||
| 003 | AR-CdUCM | ||
| 008 | 190423b ||||| |||| 00| 0 spa d | ||
| 020 | _a9786124431449 | ||
| 040 |
_aMUNICIPALIDAD PROVINCIAL DEL CUSCO _cBIBLIOTECA MUNICIPAL DEL CUSCO |
||
| 082 |
_aEP/920.085/H _bH |
||
| 245 |
_aHéroes y heroínas de la peruanidad : _b200 historias para celebrar el bicentenario / _c[presentación, Hangar 28 ; edición de textos, Teo Pinzás ; ilustraciones Diana Canales Montoya, Frida Chamochumbi Salas, Grettel Montesinos Paredes ... et al.] |
||
| 260 |
_aLima : _bPlaneta, _c2019. |
||
| 300 |
_a1 v. : _bil. col., retrs. ; _c24 cm. |
||
| 500 | _aIncluye índice. | ||
| 650 |
_aIntelectuales _93971 |
||
| 650 |
_aCelebridades _945241 |
||
| 650 |
_aBiografía _948484 |
||
| 650 |
_aPerú _948485 |
||
| 700 |
_aPinzás, Teo _eeditor _948486 |
||
| 700 |
_aCanales Montoya, Diana _eilustrador _948487 |
||
| 700 |
_aChamochumbi Salas, Frida _eilustrador _948488 |
||
| 700 |
_aMontesinos, Grettel _eilustrador _948489 |
||
| 942 |
_2ddc _cLIBROS |
||
| 945 | _arac | ||